| Tag |
First Indicator |
Second Indicator |
Subfields |
| LEADER |
00000cam a2200000 i 4500 |
| 001 |
in00000213903 |
| 005 |
20151009060538.0 |
| 008 |
790119s1977 enka b 00010 eng |
| 010 |
|
|
|a 78323222
|
| 015 |
|
|
|a GB78-11055
|
| 020 |
|
|
|a 0904095096 :
|c 2.80
|
| 035 |
|
|
|a (OCoLC)04833626
|
| 035 |
|
|
|9 AAX3871AM
|
| 040 |
|
|
|a DLC
|c DLC
|d TXA
|d UtOrBLW
|
| 049 |
|
|
|a TXAM
|c [1189351]
|
| 050 |
0 |
0 |
|a GC1085
|b .M68
|
| 082 |
0 |
|
|a 628.1/686/162
|
| 100 |
1 |
|
|a Moore, P. G.
|q (P. Geoffrey)
|
| 245 |
1 |
0 |
|a Marine pollution /
|c [by] P. G. Moore.
|
| 264 |
|
1 |
|a Shildon :
|b Meadowfield Press,
|c [1977]
|
| 264 |
|
4 |
|c ©1977
|
| 300 |
|
|
|a 7 unnumbered pages, 59 pages :
|b illustrations ;
|c 21 cm.
|
| 336 |
|
|
|a text
|b txt
|2 rdacontent
|
| 337 |
|
|
|a unmediated
|b n
|2 rdamedia
|
| 338 |
|
|
|a volume
|b nc
|2 rdacarrier
|
| 490 |
1 |
|
|a Patterns of progress Zoology series
|
| 504 |
|
|
|a Bibliography: pages 57-59.
|
| 650 |
|
0 |
|a Marine pollution.
|
| 830 |
|
0 |
|a Patterns of progress.
|p Zoology series.
|
| 999 |
|
|
|a MARS
|
| 999 |
f |
f |
|s 555cdf10-ddc4-39db-bf01-d28ed25a42e8
|i e709b78a-f355-31da-9f51-80a7f04ecdcb
|t 0
|
| 952 |
f |
f |
|p ric
|a Texas A&M University
|b Rellis Campus
|c Joint Library Facility
|d Remote Storage
|t 0
|e GC1085 .M68
|h Library of Congress classification
|i unmediated -- volume
|m A14802408170
|
| 998 |
f |
f |
|a GC1085 .M68
|t 0
|l Remote Storage
|